Provincias españolas con costa - Estadísticas

Estadísticas generales
  • Esta prueba ha sido intentada 150 veces
  • La puntuación promedio es 15 de 22
Estadísticas de respuestas
Km de costa Inicial Provincia % Correcto
161 B Barcelona
90%
244 A Alicante
88%
956 A A Coruña
79%
260 G Girona
78%
135 V Valencia
78%
249 A Almería
77%
139 C Castellón
73%
401 A Asturias
71%
285 C Cádiz
70%
284 C Cantabria
70%
79 G Granada
70%
122 H Huelva
70%
175 M Málaga
67%
278 T Tarragona
66%
92 G Guipúzcoa
64%
274 M Murcia
64%
154 V Vizcaya
62%
144 L Lugo
61%
398 P Pontevedra
61%
1.428 I Islas Baleares
47%
815 L Las Palmas
39%
768 S Santa Cruz de Tenerife
35%
No se encontraron pruebas coincidentes
Distribución de puntuación
Porcentaje de gente con cada puntuación
Porcentaje por número respondido
Historial de tus puntuaciones
No has intentado esta prueba.